| 000 | 01930nam a22004817a 4500 | ||
|---|---|---|---|
| 003 | OSt | ||
| 005 | 20230322125417.0 | ||
| 008 | 221006b |||||||| |||| 00| 0 eng d | ||
| 040 | _cBiblioteca Lado V | ||
| 082 |
_a701.1 _bS744a |
||
| 100 |
_9795 _aSrendni de Birbragher, Celia _eeditora _edirectora |
||
| 245 |
_aArtNexus/ _bEl nexo entre America Latina y el resto del mundo/ |
||
| 260 |
_bAsociación de Revistas Culturales _c1999 _aU.S.A. _aColombia |
||
| 300 |
_c21x28cm _a142p. |
||
| 366 | _eesp | ||
| 490 |
_a31 _aEnero-Marzo _v1999 _x0121 5639 |
||
| 505 | _tNoticias | ||
| 505 | _tUna reticencia insidiosa: esculturas de Jose Resende | ||
| 505 | _tManglano-Ovalle: la poética de la tolerancia | ||
| 505 | _tTucuman Arde | ||
| 505 | _tLo interior es lo exterior: el carácter precario en la obra de Lygia Clark | ||
| 505 | _tXXIV Bienal de Sao Paulo, una propuesta antropofagica | ||
| 505 | _tEl Caribe: una identidad de diferencias | ||
| 505 | _tI Bienal de Pintura del Istmo Centroamericano | ||
| 505 | _tLa Fe de Rodchenko | ||
| 505 | _tAmnesia: Arte Contemporáneo de Sur America | ||
| 505 | _tExpoarte Guadalajara'98 | ||
| 505 | _tPrimer Plano: Lygia Pape y Ernesto Neto | ||
| 505 | _tCronica colectiva | ||
| 505 | _tCronicas | ||
| 505 | _tLibros y Catalogos | ||
| 505 | _tGuía de Galerías y Museos | ||
| 650 |
_2Tesauro de Arte & Arquitectura _aARTE _9703 |
||
| 650 |
_2Tesauro de Arte & Arquitectura _aEXPOSICIONES |
||
| 650 |
_2Tesauro de Arte & Arquitectura _aBIENAL |
||
| 650 |
_2Tesauro de Arte & Arquitectura _aAPRECIACION |
||
| 650 |
_2Tesauro de Arte & Arquitectura _aTEORIA |
||
| 650 |
_2Tesauro de Arte & Arquitectura _aCRITICA |
||
| 650 |
_2Tesauro de Arte & Arquitectura _aFOTOGRAFIA _9702 |
||
| 650 |
_2Tesauro de Arte & Arquitectura _aLITERATURA |
||
| 651 |
_2Tesauro de Arte & Arquitectura _aCOLOMBIA |
||
| 942 |
_2ddc _c1 _h701.1 _iS744a _n0 |
||
| 999 |
_c3261 _d3261 |
||